Vista normal
Vista MARC
Entrada Nombre Personal
Número de registros utilizados en: 2
001 - NUMERO DE CONTROL
- control field: 27451
003 - IDENTIFICADOR DEL NÚMERO DE CONTROL
- control field: AR-RoUNA
005 - FECHA Y HORA DE LA ÚLTIMA TRANSACCIÓN
- control field: 20251013083704.0
008 - ELEMENTOS DE DATOS DE LONGITUD FIJA
- fixed length control field: 250922|| aca||aabn | a|a d
040 ## - FUENTE DE CATALOGACIÓN
- Original cataloging agency: AR-RoUNA
- Transcribing agency: AR-RoUNA
100 ## - ENCABEZADO--NOMBRE PERSONAL
- Nombre personal: Trento, Meliana
670 ## - FUENTE EN LA QUE SE LOCALIZARON DATOS
- Cita fuente: Work cat.: (AR-RoUNA)12133: Kandinsky, Vssily 1866-1944 654, Punto y linea sobre el plano /, 2007